000 00658namaa22002057a 4500
005 20230918155457.0
008 141113b xxu||||| |||| 00| 0 eng d
041 _aeng
082 _a660.2995
_bYAS 2014
100 0 _aYasir Waheed
_9118005
245 _aModelling and simulation of a fixed-bed reactor for the production of liquid fuel synthesis gas
_cYasir Waheed; supervised by Shahid Hussain Ansari.
300 _avii, 82 pages.
_e+CD ROM.
502 _aThesis
520 _aTH-1
650 0 _aFixed-bed Reactor
_9118006
650 0 _aMS ESE Thesis
650 0 _aMS Thesis
_918721
700 1 _aAnsari, Shahid Hussain
_9118008
942 _cTHE
_2ddc
999 _c355497
_d355497